LEADER 00841nam0 22002531i 450 001 RML0311141 005 20231121125751.0 100 $a20121121d1993 ||||0itac50 ba 101 | $afre 102 $afr 181 1$6z01$ai $bxxxe 182 1$6z01$an 200 1 $aJours de silence$fHenri Michaux 210 $aParis $cFata Morgana $dİ1993 215 $a40 p.$d24 cm. 700 1$aMichaux$b, Henri$3RMLV182279$0201936 801 3$aIT$bIT-01$c20121121 850 $aIT-FR0017 899 $aBiblioteca umanistica Giorgio Aprea$bFR0017 912 $aRML0311141 950 0$aBiblioteca umanistica Giorgio Aprea$d 52CIS OPU 135$e 52VM 0000815435 VM barcode:00076292. - Inventario:6765 MAGVM$fA $h20100204$i20121204 977 $a 52 996 $aJours de silence$9156121 997 $aUNICAS